Superman Villains Quiz Stats

 Plays Quiz Updated Feb 25, 2019

Score 0/10 Timer 03:00
0 Plays Today
Introduced Enemy % Correct
1940Lex Luthor
98.4%
1992Doomsday
51.1%
1958Brainiac
48%
1958Bizarro
46%
1961General Zod
42.7%
1970Darkseid
35%
1959Metallo
32.7%
1966Parasite
23.4%
1990Cyborg Superman
14.3%
1944Mister Mxyzptlk
12.4%

You're not logged in!

Compare scores with friends on all Sporcle quizzes.
OR
Log In

Sporcle TV

Today on Sporcle TV


Watch our educational content, quiz creation guides, and fun videos on Sporcle TV.

Show Comments

Extras

Top Quizzes Today


Score Distribution

Your Account Isn't Verified!

In order to create a playlist on Sporcle, you need to verify the email address you used during registration. Go to your Sporcle Settings to finish the process.

Report this User

Report this user for behavior that violates our Community Guidelines.

Details: